7 Most Famous Cities in Togo on a Map - Statistics

General Stats
  • This quiz has been taken 66 times
  • The average score is 4 of 7
Answers on the Map
Answers color-coded by a green-red scale on the quiz's map according to % correct below.
 
Answer Stats
Wiki Monthly Views Cityquiz Mention Rate Population Answers % Correct
23.24K 28.02% 1477.66K Lomé
100%
1.63K 1.81% 94.88K Kara
55%
1.59K 0.93% 95.07K Sokodé
45%
1.41K 0.19% 75.08K Kpalimé
43%
1.05K 0.29% 69.26K Atakpamé
40%
0.86K 0.24% 58.07K Dapaong
40%
1.21K 0.10% 24.89K Aného
28%
No matching quizzes found
Score Distribution
Percent of People with Each Score
Percentile by Number Answered
Your Score History
You have not taken this quiz